| 000 | 00795pam a2200229 a 4500 | ||
|---|---|---|---|
| 001 | 498221 | ||
| 005 | 20180131043813.0 | ||
| 008 | 850731s1985 njuaf b 000 0 eng | ||
| 010 | _a 85018798 | ||
| 020 |
_a0882820133 : _c$16.95 |
||
| 040 |
_aDLC _cDLC _dDLC |
||
| 041 | _aeng | ||
| 043 | _an-us--- | ||
| 080 | _a371.010973 FRA | ||
| 082 | 0 | 0 |
_a371.010973 FRA _219 |
| 100 | 1 | _a47 | |
| 101 | _aEDU | ||
| 245 | 1 | 0 |
_aTo save our schools, to save our children : _cby Marshall Frady ; the ABC Closeup News staff, Judy Crichton ... [et al.], and Joan S. Dunphy ; introduction by Robert Coles ; foreword by Peter Jennings. |
| 504 | _aBibliography: p. 189-196. | ||
| 906 |
_a7 _bcbc _corignew _d1 _eocip _f19 _gy-gencatlg |
||
| 942 |
_2ddc _cBK |
||
| 999 |
_c41348 _d41348 |
||